000 00854cam a2200265 4500
001 B381
008 090401t1975 xxu||||| |||| 00| 0 eng d
035 _a(Sirsi) u35370
041 _aeng
050 _a690.023
110 _aNational Economic Development Office
_9937
245 4 _aThe professions and their role in improving the performance of the construction industries: a feasibility study
260 _aLondon
_bNational Economic Development Office
_c1975
300 _aiii,42,2p. ; 30cm.
350 _a15.75
520 _aResearch carried out by P-E Consulting Group Limited .
650 _aARCHITECTS
650 _aBUILT ENVIRONMENT-CONSTRUCTION DESIGN
650 _aBUILDING INDUSTRY
650 _aCIVIL ENGINEERING
650 _aPROFESSIONAL PRACTICE
650 _aQuantity surveying
_96263
942 _n0
948 _c04/03/1997
999 _c90100
_d90100